Statistieken voor Vlaggen van Noord-Amerika

Klik hier om de quiz te nemen!

Algemene statistieken

  • Deze quiz is 272 keer genomen
  • De gemiddelde score is 15 van 23

Antwoordstatistieken

Antwoord% Correct
Canada
100%
Verenigde Staten
100%
Mexico
98%
Jamaica
95%
Cuba
80%
Barbados
78%
Panama
78%
Costa Rica
76%
Honduras
72%
Dominicaanse Republiek
65%
Guatemala
63%
Saint Lucia
57%
El Salvador
55%
Haiti
55%
Nicaragua
52%
Bahamas
49%
Belize
49%
Trinidad en Tobago
44%
Antigua en Barbuda
43%
Dominica
39%
Saint Kitts en Nevis
39%
Saint Vincent en de Grenadines
36%
Grenada
35%

Scoreverdeling

Percentiel versus Aantal Correcte Antwoorden

Procent van Mensen met Elke Score

Uw Scoregeschiedenis

U heeft deze quiz nog niet genomen